[Event "NRW-ch Seniors 17th"]
[Site "Hattingen"]
[Date "2006.05.09"]
[Round "2"]
[White "Rother, Josef"]
[Black "Partenheimer, Heinz"]
[Result "1/2-1/2"]
[WhiteElo "1721"]
[BlackElo "1733"]
[PlyCount "59"]
[EventDate "2006.05.08"]
[EventType "swiss"]
[EventRounds "9"]
[EventCountry "GER"]
[SourceTitle "EXT 2007"]
[Source "ChessBase"]
[SourceDate "2006.11.23"]
[SourceVersion "1"]
[SourceVersionDate "2006.11.23"]
[SourceQuality "1"]

1. d4 f5 2. Bg5 g6 3. c4 d6 4. Nc3 Bg7 5. g3 h6 6. Bd2 c6 7. e3 Nf6 8. Bg2 a5 9. Nge2 e5 10. Qb3 Qe7 11. 0-0 Be6 12. Qa4 0-0 13. Rfd1 Qc7 14. Rac1 Nbd7 15. a3 Nb6 16. Qc2 Bxc4 17. b3 Bf7 18. e4 Qc8 19. dxe5 dxe5 20. Be3 Nfd7 21. Bh3 Be6 22. Rd6 Rf6 23. exf5 Bxf5 24. Bxf5 Rxd6 25. Bxg6 Nd5 26. Nxd5 Rxd5 27. Bf5 Qd8 28. Nc3 Rd6 29. Ne4 Rd5 30. Nc3 1/2-1/2

[Event "NRW-ch Seniors 17th"]
[Site "Hattingen"]
[Date "2006.05.08"]
[Round "1"]
[White "Partenheimer, Heinz"]
[Black "Pinnel, Peter"]
[Result "1/2-1/2"]
[WhiteElo "1733"]
[BlackElo "1955"]
[PlyCount "67"]
[EventDate "2006.05.08"]
[EventType "swiss"]
[EventRounds "9"]
[EventCountry "GER"]
[SourceTitle "EXT 2007"]
[Source "ChessBase"]
[SourceDate "2006.11.23"]
[SourceVersion "1"]
[SourceVersionDate "2006.11.23"]
[SourceQuality "1"]

1. f4 e5 2. fxe5 Nc6 3. Nf3 g5 4. d4 g4 5. Ng5 d5 6. e4 Be7 7. exd5 Qxd5 8. c4 Qxd4 9. Qxd4 Nxd4 10. Bd3 h6 11. Ne4 Be6 12. b3 Bh4+ 13. Kd2 0-0-0 14. Kc3 Be7 15. Bf4 Nc6 16. a3 f6 17. Nbd2 fxe5 18. Be3 Nf6 19. Rhf1 Nxe4+ 20. Bxe4 Nd4 21. Rae1 a5 22. b4 axb4+ 23. axb4 c6 24. Bd3 Kd7 25. c5 Ra8 26. Ra1 Rxa1 27. Rxa1 Nf5 28. Bxf5 Bxf5 29. Ra7 Kc7 30. Nc4 Rd8 31. Bxh6 Rd3+ 32. Kb2 Rd4 33. Kb3 Rd3+ 34. Kb2 1/2-1/2

[Event "GER-ch Seniors-B 17th"]
[Site "Essen"]
[Date "2005.08.25"]
[Round "6"]
[White "Harke, Horst"]
[Black "Partenheimer, Heinz"]
[Result "1/2-1/2"]
[WhiteElo "1932"]
[BlackElo "1737"]
[PlyCount "41"]
[EventDate "2005.08.20"]
[EventType "swiss"]
[EventRounds "9"]
[EventCountry "GER"]
[SourceTitle "CBM 108 Extra"]
[Source "ChessBase"]
[SourceDate "2005.11.04"]
[SourceVersion "1"]
[SourceVersionDate "2005.11.04"]
[SourceQuality "1"]

1. d4 f5 2. c4 d6 3. Nf3 Nf6 4. Nc3 g6 5. Bg5 Nbd7 6. Qc2 Bg7 7. Rd1 0-0 8. Bc1 Qe8 9. Nb5 Qd8 10. c5 c6 11. Nc3 d5 12. Bf4 Ne4 13. Qc1 Qa5 14. a3 Nxc3 15. Qxc3 Qxc3+ 16. bxc3 Re8 17. e3 e5 18. dxe5 Nxe5 19. Nxe5 Bxe5 20. Bxe5 Rxe5 21. Rd4 1/2-1/2

[Event "GER-ch Seniors-B 17th"]
[Site "Essen"]
[Date "2005.08.22"]
[Round "3"]
[White "Partenheimer, Heinz"]
[Black "Podolnyy, Jakiv"]
[Result "1-0"]
[WhiteElo "1737"]
[BlackElo "2004"]
[PlyCount "71"]
[EventDate "2005.08.20"]
[EventType "swiss"]
[EventRounds "9"]
[EventCountry "GER"]
[SourceTitle "CBM 108 Extra"]
[Source "ChessBase"]
[SourceDate "2005.11.04"]
[SourceVersion "1"]
[SourceVersionDate "2005.11.04"]
[SourceQuality "1"]

1. f4 d5 2. Nf3 Nf6 3. e3 c5 4. Be2 Nc6 5. d3 h6 6. 0-0 Bf5 7. Qe1 e6 8. b3 Be7 9. Bb2 0-0 10. Ne5 Nxe5 11. Bxe5 Nd7 12. Bb2 Bf6 13. Qc1 b5 14. Nd2 a5 15. a4 b4 16. e4 dxe4 17. dxe4 Bxb2 18. Qxb2 Bg6 19. Rad1 Qf6 20. e5 Qe7 21. Nc4 f6 22. Rd6 fxe5 23. Rfd1 Ra7 24. fxe5 Qf7 25. Bf3 Bh5 26. R1d3 Bxf3 27. Rxf3 Qg6 28. Rxf8+ Nxf8 29. Qc1 Qe4 30. Rd8 Rf7 31. Rd3 Qf5 32. Rf3 Qh5 33. Qf1 Nd7 34. Rxf7 Qxf7 35. Qxf7+ Kxf7 36. Nxa5 1-0